| 000 | 00618cam a22002053a 4500 | ||
|---|---|---|---|
| 001 | 43940 | ||
| 003 | PGUSA | ||
| 005 | 20140828084012.0 | ||
| 008 | 131012s2013||||xxu|||||s|||||000 | eng d | ||
| 040 |
_aPGUSA _beng |
||
| 042 | _adc | ||
| 100 | 1 | _aChadwick, Lester | |
| 245 | 1 | 0 |
_aBaseball Joe, Home Run King ; _bor, The Greatest Pitcher and Batter on Record _h[electronic resource] / _cLester Chadwick |
| 260 |
_bProject Gutenberg, _c2013 |
||
| 506 | _aPublic domain in the USA. | ||
| 516 | _aElectronic text | ||
| 830 | 0 |
_aProject Gutenberg _v43940 |
|
| 856 | 4 | 0 | _uhttp://www.gutenberg.org/ebooks/43940 |
| 942 | _cEB | ||
| 999 |
_c273191 _d273191 |
||